Pawnship, debt, and 'freedom' in Atlantic Africa during the era of the slave trade: A reassessment (Record no. 172357)
[ view plain ]
| 000 -LEADER | |
|---|---|
| fixed length control field | 00436nam a22001337a 4500 |
| 008 - FIXED-LENGTH DATA ELEMENTS--GENERAL INFORMATION | |
| fixed length control field | 151104b xxu||||| |||| 00| 0 eng d |
| 100 ## - MAIN ENTRY--PERSONAL NAME | |
| Personal name | LOVEJOY, Paul E. |
| 245 ## - TITLE STATEMENT | |
| Title | Pawnship, debt, and 'freedom' in Atlantic Africa during the era of the slave trade: A reassessment |
| 260 ## - PUBLICATION, DISTRIBUTION, ETC. (IMPRINT) | |
| Place of publication, distribution, etc | Cambridge |
| Name of publisher, distributor, etc | CUP |
| Date of publication, distribution, etc | 2014 |
| 300 ## - PHYSICAL DESCRIPTION | |
| Extent | vol. 55 no. 1 pp. 55-78 |
| 440 ## - Journal Title | |
| Title | The Journal of African History |
| 942 ## - ADDED ENTRY ELEMENTS (KOHA) | |
| Source of classification or shelving scheme | Library of Congress Classification |
| Item type | Journal Article |
| Withdrawn status | Lost status | Source of classification or shelving scheme | Damaged status | Not for loan | Home library | Current library | Shelving location | Date acquired | Total Checkouts | Date last seen | Price effective from | Koha item type |
|---|---|---|---|---|---|---|---|---|---|---|---|---|
| Library of Congress Classification | NURU LIBRARY | NURU LIBRARY | Open Shelf | 04/11/2015 | 04/11/2015 | 04/11/2015 | Journal Article |